[Event "Clash of Blames"]
[Site "London, GB"]
[Date "2024.08.19"]
[Round "9"]
[White "Kramnik, Vladimir"]
[Black "Martinez Alcantara, Jose Eduardo"]
[Result "0-1"]
[Board "1"]
[WhiteFideId "4101588"]
[BlackFideId "3805662"]
[WhiteTitle "GM"]
[BlackTitle "GM"]
[WhiteElo "2676"]
[BlackElo "2691"]
[WhiteTeam "RUS"]
[BlackTeam "MEX"]
[WhiteClock "0:00:08"]
[BlackClock "0:00:25"]
[Variant "Standard"]

1. e4 {[%clk 0:03:03]}  e5 {[%clk 0:03:03]} 2. Nf3 {[%clk 0:03:05]}  Nc6 {[%clk 0:03:04]} 3. Bc4 {[%clk 0:03:06]}  Bc5 {[%clk 0:03:05]} 4. c3 {[%clk 0:03:07]}  Nf6 {[%clk 0:03:06]} 5. d3 {[%clk 0:03:08]}  d6 {[%clk 0:03:07]} 6. O-O {[%clk 0:03:09]}  Bb6 {[%clk 0:03:09]} 7. Nbd2 {[%clk 0:03:10]}  O-O {[%clk 0:03:08]} 8. Bb3 {[%clk 0:03:10]}  Ne7 {[%clk 0:03:06]} 9. Nc4 {[%clk 0:03:09]}  Ng6 {[%clk 0:03:07]} 10. h3 {[%clk 0:03:05]}  h6 {[%clk 0:03:06]} 11. Bc2 {[%clk 0:03:05]}  Re8 {[%clk 0:03:01]} 12. Re1 {[%clk 0:03:04]}  Be6 {[%clk 0:02:59]} 13. Nxb6 {[%clk 0:03:04]}  axb6 {[%clk 0:03:00]} 14. d4 {[%clk 0:03:03]}  c5 {[%clk 0:02:57]} 15. Be3 {[%clk 0:02:47]}  Qe7 {[%clk 0:02:54]} 16. a4 {[%clk 0:02:44]}  Rec8 {[%clk 0:02:35]} 17. d5 {[%clk 0:02:35]}  Bd7 {[%clk 0:02:36]} 18. Nd2 {[%clk 0:02:31]}  b5 {[%clk 0:02:37]} 19. axb5 {[%clk 0:02:26]}  Bxb5 {[%clk 0:02:37]} 20. Rxa8 {[%clk 0:02:06]}  Rxa8 {[%clk 0:02:38]} 21. Qb1 {[%clk 0:02:04]}  Rc8 {[%clk 0:02:12]} 22. c4 {[%clk 0:01:56]}  Bd7 {[%clk 0:02:03]} 23. b4 {[%clk 0:01:56]}  b6 {[%clk 0:02:05]} 24. bxc5 {[%clk 0:01:51]}  bxc5 {[%clk 0:02:06]} 25. Qb7 {[%clk 0:01:47]}  Qd8 {[%clk 0:01:50]} 26. Rb1 {[%clk 0:01:37]}  Ra8 {[%clk 0:01:29]} 27. Bd3 {[%clk 0:01:28]}  Ra3 {[%clk 0:00:46]} 28. Bf1 {[%clk 0:01:20]}  Ne8 {[%clk 0:00:41]} 29. Qb8 {[%clk 0:01:09]}  Qxb8 {[%clk 0:00:38]} 30. Rxb8 {[%clk 0:01:10]}  Kf8 {[%clk 0:00:38]} 31. Nb3 {[%clk 0:00:55]}  Ke7 {[%clk 0:00:26]} 32. Rb7 {[%clk 0:00:34]}  Kd8 {[%clk 0:00:24]} 33. Nd2 {[%clk 0:00:11]}  Kc8 {[%clk 0:00:23]} 34. Rb2 {[%clk 0:00:12]}  Ne7 {[%clk 0:00:22]} 35. f4 {[%clk 0:00:06]}  Rxe3 {[%clk 0:00:23]} 36. fxe5 {[%clk 0:00:07]}  dxe5 {[%clk 0:00:24]} 37. Ra2 {[%clk 0:00:07]}  Nd6 {[%clk 0:00:17]} 38. Kf2 {[%clk 0:00:07]}  Rc3 {[%clk 0:00:18]} 39. Ra5 {[%clk 0:00:07]}  Nb7 {[%clk 0:00:19]} 40. Ra8+ {[%clk 0:00:07]}  Kc7 {[%clk 0:00:20]} 41. Rf8 {[%clk 0:00:07]}  Nd6 {[%clk 0:00:21]} 42. Ra8 {[%clk 0:00:04]}  Nec8 {[%clk 0:00:21]} 43. Be2 {[%clk 0:00:03]}  Rc2 {[%clk 0:00:20]} 44. Ke3 {[%clk 0:00:05]}  Rb2 {[%clk 0:00:21]} 45. Bd3 {[%clk 0:00:06]}  Rb7 {[%clk 0:00:17]} 46. Nf3 {[%clk 0:00:07]}  f6 {[%clk 0:00:18]} 47. Nh4 {[%clk 0:00:08]}  Ra7 {[%clk 0:00:19]} 48. Rxa7+ {[%clk 0:00:08]}  Nxa7 {[%clk 0:00:20]} 49. g4 {[%clk 0:00:08]}  Nac8 {[%clk 0:00:21]} 50. Kd2 {[%clk 0:00:09]}  Ne7 {[%clk 0:00:20]} 51. Nf5 {[%clk 0:00:03]}  Bxf5 {[%clk 0:00:20]} 52. gxf5 {[%clk 0:00:04]}  g6 {[%clk 0:00:21]} 53. fxg6 {[%clk 0:00:05]}  Nxg6 {[%clk 0:00:22]} 54. Ke3 {[%clk 0:00:05]}  h5 {[%clk 0:00:23]} 55. Be2 {[%clk 0:00:06]}  Nf4 {[%clk 0:00:23]} 56. Bf1 {[%clk 0:00:07]}  Kb6 {[%clk 0:00:24]} 57. h4 {[%clk 0:00:08]}  Ka5 {[%clk 0:00:25]} 0-1

[Event "Clash of Blames"]
[Site "London, GB"]
[Date "2024.08.19"]
[Round "10"]
[White "Martinez Alcantara, Jose Eduardo"]
[Black "Kramnik, Vladimir"]
[Result "0-1"]
[Board "1"]
[WhiteFideId "3805662"]
[BlackFideId "4101588"]
[WhiteTitle "GM"]
[BlackTitle "GM"]
[WhiteElo "2691"]
[BlackElo "2676"]
[WhiteTeam "MEX"]
[BlackTeam "RUS"]
[WhiteClock "0:00:11"]
[BlackClock "0:00:10"]
[Variant "Standard"]

1. e4 {[%clk 0:03:02]}  c5 {[%clk 0:03:02]} 2. Nf3 {[%clk 0:03:03]}  d6 {[%clk 0:03:06]} 3. c3 {[%clk 0:03:05]}  Nf6 {[%clk 0:03:07]} 4. Be2 {[%clk 0:03:06]}  g6 {[%clk 0:03:08]} 5. O-O {[%clk 0:03:06]}  Bg7 {[%clk 0:03:09]} 6. d3 {[%clk 0:03:07]}  O-O {[%clk 0:03:10]} 7. Be3 {[%clk 0:03:07]}  b6 {[%clk 0:03:12]} 8. Nbd2 {[%clk 0:03:07]}  Bb7 {[%clk 0:03:12]} 9. Qb1 {[%clk 0:03:07]}  Nc6 {[%clk 0:03:12]} 10. h3 {[%clk 0:03:04]}  e5 {[%clk 0:03:13]} 11. b4 {[%clk 0:02:57]}  cxb4 {[%clk 0:03:13]} 12. cxb4 {[%clk 0:02:58]}  d5 {[%clk 0:03:11]} 13. b5 {[%clk 0:02:30]}  Na5 {[%clk 0:02:58]} 14. Qb4 {[%clk 0:02:30]}  Re8 {[%clk 0:02:39]} 15. Bg5 {[%clk 0:02:31]}  h6 {[%clk 0:02:37]} 16. Bh4 {[%clk 0:02:31]}  g5 {[%clk 0:02:27]} 17. Bg3 {[%clk 0:02:32]}  Nh5 {[%clk 0:02:26]} 18. Rad1 {[%clk 0:02:13]}  Nf4 {[%clk 0:02:17]} 19. Bxf4 {[%clk 0:02:12]}  exf4 {[%clk 0:02:18]} 20. e5 {[%clk 0:01:44]}  Qe7 {[%clk 0:02:03]} 21. a3 {[%clk 0:01:24]}  Rac8 {[%clk 0:01:57]} 22. Rfe1 {[%clk 0:01:16]}  Bf8 {[%clk 0:01:29]} 23. Rb1 {[%clk 0:01:16]}  Qc7 {[%clk 0:01:21]} 24. Qb2 {[%clk 0:00:53]}  Qc3 {[%clk 0:01:21]} 25. a4 {[%clk 0:00:53]}  Qxb2 {[%clk 0:01:13]} 26. Rxb2 {[%clk 0:00:54]}  Rc3 {[%clk 0:01:10]} 27. Bf1 {[%clk 0:00:50]}  Bc8 {[%clk 0:01:03]} 28. Nb1 {[%clk 0:00:47]}  Rc7 {[%clk 0:01:02]} 29. Nd4 {[%clk 0:00:33]}  Bg7 {[%clk 0:00:57]} 30. Nf3 {[%clk 0:00:33]}  Bf5 {[%clk 0:00:47]} 31. d4 {[%clk 0:00:15]}  Rec8 {[%clk 0:00:45]} 32. Nbd2 {[%clk 0:00:15]}  Rc2 {[%clk 0:00:43]} 33. Rxc2 {[%clk 0:00:11]}  Rxc2 {[%clk 0:00:44]} 34. Rd1 {[%clk 0:00:10]}  Bf8 {[%clk 0:00:41]} 35. Ne1 {[%clk 0:00:10]}  Rc3 {[%clk 0:00:40]} 36. Ndf3 {[%clk 0:00:11]}  Be4 {[%clk 0:00:34]} 37. Bd3 {[%clk 0:00:10]}  Nb3 {[%clk 0:00:33]} 38. Kf1 {[%clk 0:00:06]}  Nc1 {[%clk 0:00:29]} 39. Be2 {[%clk 0:00:04]}  Nxe2 {[%clk 0:00:25]} 40. Kxe2 {[%clk 0:00:05]}  Rc4 {[%clk 0:00:25]} 41. Ra1 {[%clk 0:00:03]}  Rb4 {[%clk 0:00:24]} 42. Ra2 {[%clk 0:00:04]}  Bb1 {[%clk 0:00:23]} 43. Rd2 {[%clk 0:00:05]}  Rxa4 {[%clk 0:00:22]} 44. Nd3 {[%clk 0:00:04]}  Ba2 {[%clk 0:00:17]} 45. Nb2 {[%clk 0:00:03]}  Ra5 {[%clk 0:00:18]} 46. Rc2 {[%clk 0:00:03]}  Rxb5 {[%clk 0:00:19]} 47. Nd2 {[%clk 0:00:04]}  a5 {[%clk 0:00:17]} 48. Nd3 {[%clk 0:00:05]}  Bb1 {[%clk 0:00:15]} 49. Rc8 {[%clk 0:00:05]}  Bxd3+ {[%clk 0:00:15]} 50. Kxd3 {[%clk 0:00:06]}  Kg7 {[%clk 0:00:15]} 51. Rc7 {[%clk 0:00:06]}  Kg8 {[%clk 0:00:13]} 52. Ra7 {[%clk 0:00:05]}  Rb2 {[%clk 0:00:14]} 53. Ra8 {[%clk 0:00:05]}  Kg7 {[%clk 0:00:13]} 54. Ra7 {[%clk 0:00:07]}  Bb4 {[%clk 0:00:13]} 55. Nf3 {[%clk 0:00:08]}  Kg6 {[%clk 0:00:11]} 56. Ra6 {[%clk 0:00:08]}  Rxf2 {[%clk 0:00:08]} 57. Rxb6+ {[%clk 0:00:08]}  Kg7 {[%clk 0:00:09]} 58. e6 {[%clk 0:00:08]}  fxe6 {[%clk 0:00:05]} 59. Rxe6 {[%clk 0:00:09]}  Rxg2 {[%clk 0:00:05]} 60. Ra6 {[%clk 0:00:09]}  Rg3 {[%clk 0:00:05]} 61. Ke2 {[%clk 0:00:09]}  Rxh3 {[%clk 0:00:00]} 62. Ne5 {[%clk 0:00:00]}  Re3+ {[%clk 0:00:08]} 63. Kf2 {[%clk 0:00:14]}  Be1+ {[%clk 0:00:09]} 64. Kf1 {[%clk 0:00:15]}  Bc3 {[%clk 0:00:08]} 65. Ra7+ {[%clk 0:00:17]}  Kf8 {[%clk 0:00:08]} 66. Ra8+ {[%clk 0:00:11]}  Ke7 {[%clk 0:00:10]} 67. Ra6 {[%clk 0:00:13]}  f3 {[%clk 0:00:06]} 68. Kf2 {[%clk 0:00:13]}  Re4 {[%clk 0:00:05]} 69. Kxf3 {[%clk 0:00:14]}  Bxd4 {[%clk 0:00:07]} 70. Nc6+ {[%clk 0:00:12]}  Kd7 {[%clk 0:00:08]} 71. Nxa5 {[%clk 0:00:11]}  Rf4+ {[%clk 0:00:08]} 72. Kg2 {[%clk 0:00:11]}  h5 {[%clk 0:00:08]} 73. Nc6 {[%clk 0:00:12]}  Bf6 {[%clk 0:00:05]} 74. Na5 {[%clk 0:00:08]}  h4 {[%clk 0:00:06]} 75. Nb3 {[%clk 0:00:09]}  Be7 {[%clk 0:00:04]} 76. Ra7+ {[%clk 0:00:10]}  Ke6 {[%clk 0:00:05]} 77. Ra6+ {[%clk 0:00:11]}  Kf7 {[%clk 0:00:07]} 78. Nc1 {[%clk 0:00:11]}  g4 {[%clk 0:00:08]} 79. Nd3 {[%clk 0:00:13]}  Re4 {[%clk 0:00:08]} 80. Ra7 {[%clk 0:00:11]}  h3+ {[%clk 0:00:08]} 81. Kg3 {[%clk 0:00:12]}  Ke6 {[%clk 0:00:09]} 82. Nf2 {[%clk 0:00:10]}  Bd6+ {[%clk 0:00:09]} 83. Kh4 {[%clk 0:00:11]}  h2 {[%clk 0:00:09]} 84. Ra1 {[%clk 0:00:09]}  g3+ {[%clk 0:00:09]} 85. Nxe4 {[%clk 0:00:10]}  g2 {[%clk 0:00:10]} 86. Ng5+ {[%clk 0:00:11]} 0-1

[Event "Clash of Blames"]
[Site "stage.worldchess.com"]
[Date "2024.08.20"]
[Round "13"]
[White "Kramnik, Vladimir"]
[Black "Martinez Alcantara, Jose Eduardo"]
[Result "1-0"]
[Board "7"]
[WhiteFideId "4101588"]
[BlackFideId "3805662"]
[WhiteTitle "GM"]
[BlackTitle "GM"]
[WhiteElo "2652"]
[BlackElo "2665"]
[WhiteTeam "RUS"]
[BlackTeam "MEX"]
[WhiteClock "0:00:13"]
[BlackClock "0:00:05"]
[Variant "Standard"]

1. e4 {[%clk 0:03:02]}  e5 {[%clk 0:03:02]} 2. Nf3 {[%clk 0:03:02]}  Nc6 {[%clk 0:03:03]} 3. Bc4 {[%clk 0:03:04]}  Bc5 {[%clk 0:03:03]} 4. c3 {[%clk 0:03:05]}  Nf6 {[%clk 0:03:05]} 5. d3 {[%clk 0:03:06]}  d6 {[%clk 0:03:06]} 6. O-O {[%clk 0:03:06]}  Bb6 {[%clk 0:03:07]} 7. a4 {[%clk 0:03:05]}  h6 {[%clk 0:03:03]} 8. Nbd2 {[%clk 0:03:04]}  O-O {[%clk 0:03:00]} 9. Bb3 {[%clk 0:03:02]}  a6 {[%clk 0:02:58]} 10. Re1 {[%clk 0:02:58]}  Re8 {[%clk 0:02:45]} 11. Nc4 {[%clk 0:02:55]}  Ba7 {[%clk 0:02:45]} 12. Be3 {[%clk 0:02:56]}  Bxe3 {[%clk 0:02:45]} 13. Nxe3 {[%clk 0:02:56]}  Be6 {[%clk 0:02:44]} 14. a5 {[%clk 0:02:55]}  Ne7 {[%clk 0:02:32]} 15. Bxe6 {[%clk 0:02:50]}  fxe6 {[%clk 0:02:34]} 16. Qb3 {[%clk 0:02:51]}  Qd7 {[%clk 0:02:33]} 17. d4 {[%clk 0:02:45]}  Nxe4 {[%clk 0:02:07]} 18. Qxb7 {[%clk 0:02:32]}  Nf6 {[%clk 0:01:48]} 19. Qb3 {[%clk 0:02:20]}  e4 {[%clk 0:01:46]} 20. Nd2 {[%clk 0:02:21]}  Rab8 {[%clk 0:01:18]} 21. Qc2 {[%clk 0:02:21]}  Qc6 {[%clk 0:01:14]} 22. b4 {[%clk 0:01:52]}  Nf5 {[%clk 0:00:55]} 23. Rac1 {[%clk 0:01:41]}  Kh8 {[%clk 0:00:50]} 24. f3 {[%clk 0:01:26]}  exf3 {[%clk 0:00:37]} 25. Nxf3 {[%clk 0:01:24]}  Qb5 {[%clk 0:00:28]} 26. Qe2 {[%clk 0:01:00]}  Nxe3 {[%clk 0:00:26]} 27. Qxe3 {[%clk 0:00:57]}  Qf5 {[%clk 0:00:24]} 28. Qe2 {[%clk 0:00:54]}  Ra8 {[%clk 0:00:23]} 29. c4 {[%clk 0:00:52]}  Kg8 {[%clk 0:00:24]} 30. Qc2 {[%clk 0:00:46]}  Reb8 {[%clk 0:00:22]} 31. Qb3 {[%clk 0:00:40]}  Re8 {[%clk 0:00:21]} 32. Rb1 {[%clk 0:00:37]}  Rab8 {[%clk 0:00:22]} 33. b5 {[%clk 0:00:35]}  Kh8 {[%clk 0:00:14]} 34. b6 {[%clk 0:00:29]}  cxb6 {[%clk 0:00:14]} 35. axb6 {[%clk 0:00:29]}  Rec8 {[%clk 0:00:14]} 36. Qa4 {[%clk 0:00:23]}  Ne4 {[%clk 0:00:14]} 37. Qxa6 {[%clk 0:00:21]}  d5 {[%clk 0:00:13]} 38. c5 {[%clk 0:00:18]}  e5 {[%clk 0:00:12]} 39. b7 {[%clk 0:00:16]}  Rf8 {[%clk 0:00:12]} 40. c6 {[%clk 0:00:16]}  Nc3 {[%clk 0:00:07]} 41. Rbc1 {[%clk 0:00:12]}  exd4 {[%clk 0:00:07]} 42. c7 {[%clk 0:00:13]}  d3 {[%clk 0:00:06]} 43. cxb8=Q {[%clk 0:00:13]}  Rxb8 {[%clk 0:00:04]} 44. Rxc3 {[%clk 0:00:13]}  d2 {[%clk 0:00:05]} 45. Rd1 {[%clk 0:00:13]} 1-0

[Event "Clash of Blames"]
[Site "stage.worldchess.com"]
[Date "2024.08.20"]
[Round "14"]
[White "Martinez Alcantara, Jose Eduardo"]
[Black "Kramnik, Vladimir"]
[Result "1/2-1/2"]
[Board "8"]
[WhiteFideId "3805662"]
[BlackFideId "4101588"]
[WhiteTitle "GM"]
[BlackTitle "GM"]
[WhiteElo "2644"]
[BlackElo "2673"]
[WhiteTeam "MEX"]
[BlackTeam "RUS"]
[WhiteClock "0:00:06"]
[BlackClock "0:00:09"]
[Variant "Standard"]

1. e4 {[%clk 0:03:02]}  c5 {[%clk 0:03:02]} 2. Nf3 {[%clk 0:03:03]}  d6 {[%clk 0:03:03]} 3. Bc4 {[%clk 0:03:02]}  Nf6 {[%clk 0:03:02]} 4. d3 {[%clk 0:03:03]}  Nc6 {[%clk 0:03:03]} 5. c3 {[%clk 0:03:02]}  g6 {[%clk 0:03:02]} 6. O-O {[%clk 0:03:03]}  Bg7 {[%clk 0:03:03]} 7. h3 {[%clk 0:03:05]}  O-O {[%clk 0:03:04]} 8. Bb3 {[%clk 0:03:07]}  Rb8 {[%clk 0:02:48]} 9. Re1 {[%clk 0:03:06]}  b5 {[%clk 0:02:48]} 10. d4 {[%clk 0:03:07]}  b4 {[%clk 0:02:44]} 11. e5 {[%clk 0:02:37]}  dxe5 {[%clk 0:02:33]} 12. dxe5 {[%clk 0:02:39]}  Qxd1 {[%clk 0:02:32]} 13. Rxd1 {[%clk 0:02:37]}  Ne8 {[%clk 0:02:23]} 14. Bf4 {[%clk 0:02:38]}  Be6 {[%clk 0:02:15]} 15. Nbd2 {[%clk 0:02:35]}  bxc3 {[%clk 0:02:12]} 16. bxc3 {[%clk 0:02:36]}  Nc7 {[%clk 0:02:11]} 17. Rac1 {[%clk 0:02:04]}  Na5 {[%clk 0:02:04]} 18. c4 {[%clk 0:01:49]}  h6 {[%clk 0:01:54]} 19. Be3 {[%clk 0:01:50]}  Na6 {[%clk 0:01:50]} 20. Ba4 {[%clk 0:01:48]}  Rfc8 {[%clk 0:01:42]} 21. Bb5 {[%clk 0:01:32]}  Nb4 {[%clk 0:01:38]} 22. Ne4 {[%clk 0:01:10]}  Nxa2 {[%clk 0:01:25]} 23. Ra1 {[%clk 0:00:48]}  Nxc4 {[%clk 0:01:26]} 24. Bd7 {[%clk 0:00:48]}  Nxe3 {[%clk 0:00:53]} 25. fxe3 {[%clk 0:00:44]}  Bxd7 {[%clk 0:00:49]} 26. Rxd7 {[%clk 0:00:46]}  Nb4 {[%clk 0:00:50]} 27. Raxa7 {[%clk 0:00:31]}  Nc6 {[%clk 0:00:51]} 28. Rac7 {[%clk 0:00:32]}  c4 {[%clk 0:00:46]} 29. Kf2 {[%clk 0:00:25]}  Nxe5 {[%clk 0:00:41]} 30. Rxe7 {[%clk 0:00:22]}  Nxf3 {[%clk 0:00:13]} 31. Kxf3 {[%clk 0:00:21]}  Rxc7 {[%clk 0:00:09]} 32. Rxc7 {[%clk 0:00:22]}  Be5 {[%clk 0:00:06]} 33. Rxc4 {[%clk 0:00:22]}  Kg7 {[%clk 0:00:07]} 34. Rc5 {[%clk 0:00:22]}  Re8 {[%clk 0:00:08]} 35. Rb5 {[%clk 0:00:22]}  Re7 {[%clk 0:00:07]} 36. g4 {[%clk 0:00:23]}  Ba1 {[%clk 0:00:06]} 37. Ra5 {[%clk 0:00:24]}  Be5 {[%clk 0:00:08]} 38. h4 {[%clk 0:00:25]}  f6 {[%clk 0:00:08]} 39. Rb5 {[%clk 0:00:24]}  h5 {[%clk 0:00:08]} 40. gxh5 {[%clk 0:00:24]}  gxh5 {[%clk 0:00:09]} 41. Rb1 {[%clk 0:00:20]}  Rc7 {[%clk 0:00:08]} 42. Rg1+ {[%clk 0:00:21]}  Kf7 {[%clk 0:00:09]} 43. Rd1 {[%clk 0:00:20]}  Rc4 {[%clk 0:00:08]} 44. Rd5 {[%clk 0:00:19]}  Kg6 {[%clk 0:00:07]} 45. Ra5 {[%clk 0:00:19]}  Rb4 {[%clk 0:00:07]} 46. Rc5 {[%clk 0:00:15]}  Rb2 {[%clk 0:00:07]} 47. Nf2 {[%clk 0:00:13]}  Rb3 {[%clk 0:00:06]} 48. Rc4 {[%clk 0:00:12]}  Ra3 {[%clk 0:00:06]} 49. Rb4 {[%clk 0:00:13]}  Bd6 {[%clk 0:00:06]} 50. Rc4 {[%clk 0:00:13]}  Be5 {[%clk 0:00:07]} 51. Re4 {[%clk 0:00:06]}  Bd6 {[%clk 0:00:08]} 52. Rc4 {[%clk 0:00:06]}  Be5 {[%clk 0:00:09]} 1/2-1/2

[Event "Clash of Blames"]
[Site "stage.worldchess.com"]
[Date "2024.08.20"]
[Round "15"]
[White "Kramnik, Vladimir"]
[Black "Martinez Alcantara, Jose Eduardo"]
[Result "1/2-1/2"]
[Board "9"]
[WhiteFideId "4101588"]
[BlackFideId "3805662"]
[WhiteTitle "GM"]
[BlackTitle "GM"]
[WhiteElo "2671"]
[BlackElo "2646"]
[WhiteTeam "RUS"]
[BlackTeam "MEX"]
[WhiteClock "0:00:24"]
[BlackClock "0:00:25"]
[Variant "Standard"]

1. e4 {[%clk 0:03:02]}  e5 {[%clk 0:03:02]} 2. Nf3 {[%clk 0:03:02]}  Nc6 {[%clk 0:03:03]} 3. Bc4 {[%clk 0:03:03]}  Bc5 {[%clk 0:03:05]} 4. c3 {[%clk 0:03:04]}  Nf6 {[%clk 0:03:06]} 5. d3 {[%clk 0:03:06]}  d6 {[%clk 0:03:07]} 6. O-O {[%clk 0:03:06]}  Bb6 {[%clk 0:03:07]} 7. a4 {[%clk 0:03:06]}  h6 {[%clk 0:03:08]} 8. Re1 {[%clk 0:03:06]}  O-O {[%clk 0:03:09]} 9. Nbd2 {[%clk 0:03:06]}  a6 {[%clk 0:03:09]} 10. b4 {[%clk 0:02:52]}  Ne7 {[%clk 0:03:06]} 11. a5 {[%clk 0:02:44]}  Ba7 {[%clk 0:03:05]} 12. Nf1 {[%clk 0:02:46]}  Be6 {[%clk 0:03:00]} 13. Ba2 {[%clk 0:02:38]}  Ng6 {[%clk 0:02:56]} 14. Be3 {[%clk 0:02:38]}  Bxe3 {[%clk 0:02:55]} 15. Nxe3 {[%clk 0:02:40]}  Qd7 {[%clk 0:02:42]} 16. Bb1 {[%clk 0:02:29]}  c6 {[%clk 0:02:24]} 17. d4 {[%clk 0:02:28]}  Qc7 {[%clk 0:02:25]} 18. c4 {[%clk 0:02:20]}  Rad8 {[%clk 0:02:06]} 19. d5 {[%clk 0:02:20]}  Bc8 {[%clk 0:02:06]} 20. dxc6 {[%clk 0:02:04]}  bxc6 {[%clk 0:02:05]} 21. Bc2 {[%clk 0:01:49]}  Be6 {[%clk 0:02:02]} 22. g3 {[%clk 0:01:40]}  Rb8 {[%clk 0:02:03]} 23. Qd2 {[%clk 0:01:39]}  c5 {[%clk 0:01:58]} 24. b5 {[%clk 0:01:11]}  axb5 {[%clk 0:02:00]} 25. cxb5 {[%clk 0:01:12]}  Rxb5 {[%clk 0:02:02]} 26. Red1 {[%clk 0:01:08]}  Rd8 {[%clk 0:01:57]} 27. a6 {[%clk 0:01:05]}  c4 {[%clk 0:01:22]} 28. Qc3 {[%clk 0:01:03]}  Ra8 {[%clk 0:01:10]} 29. Ra4 {[%clk 0:01:00]}  Rc5 {[%clk 0:01:10]} 30. Rda1 {[%clk 0:00:49]}  Ne7 {[%clk 0:01:10]} 31. Ra5 {[%clk 0:00:35]}  Ra7 {[%clk 0:01:01]} 32. Rxc5 {[%clk 0:00:32]}  Qxc5 {[%clk 0:01:03]} 33. Nd2 {[%clk 0:00:31]}  Qc6 {[%clk 0:00:41]} 34. Qa5 {[%clk 0:00:27]}  c3 {[%clk 0:00:36]} 35. Nb1 {[%clk 0:00:27]}  d5 {[%clk 0:00:27]} 36. exd5 {[%clk 0:00:09]}  Nexd5 {[%clk 0:00:29]} 37. Nxd5 {[%clk 0:00:09]}  Qxd5 {[%clk 0:00:15]} 38. Nxc3 {[%clk 0:00:10]}  Qxa5 {[%clk 0:00:10]} 39. Rxa5 {[%clk 0:00:10]}  Bc4 {[%clk 0:00:12]} 40. Rxe5 {[%clk 0:00:07]}  Rxa6 {[%clk 0:00:11]} 41. Re1 {[%clk 0:00:08]}  Rc6 {[%clk 0:00:11]} 42. Ne4 {[%clk 0:00:08]}  Kf8 {[%clk 0:00:04]} 43. Nxf6 {[%clk 0:00:09]}  Rxf6 {[%clk 0:00:05]} 44. Be4 {[%clk 0:00:09]}  Re6 {[%clk 0:00:06]} 45. Re3 {[%clk 0:00:11]}  Re5 {[%clk 0:00:07]} 46. Bf3 {[%clk 0:00:12]}  Rxe3 {[%clk 0:00:08]} 47. fxe3 {[%clk 0:00:13]}  Ke7 {[%clk 0:00:09]} 48. Kf2 {[%clk 0:00:14]}  Kf6 {[%clk 0:00:11]} 49. h4 {[%clk 0:00:14]}  Ke5 {[%clk 0:00:12]} 50. Bg4 {[%clk 0:00:15]}  Bd5 {[%clk 0:00:13]} 51. Be2 {[%clk 0:00:16]}  g5 {[%clk 0:00:15]} 52. hxg5 {[%clk 0:00:16]}  hxg5 {[%clk 0:00:16]} 53. Bd3 {[%clk 0:00:17]}  Be4 {[%clk 0:00:17]} 54. Bc4 {[%clk 0:00:19]}  f5 {[%clk 0:00:18]} 55. Be2 {[%clk 0:00:19]}  Bd5 {[%clk 0:00:20]} 56. Bb5 {[%clk 0:00:21]}  Be4 {[%clk 0:00:21]} 57. Be2 {[%clk 0:00:22]}  Bd5 {[%clk 0:00:23]} 58. Bb5 {[%clk 0:00:23]}  Be4 {[%clk 0:00:25]} 59. Be2 {[%clk 0:00:24]} 1/2-1/2

[Event "Clash of Blames"]
[Site "stage.worldchess.com"]
[Date "2024.08.20"]
[Round "16"]
[White "Martinez Alcantara, Jose Eduardo"]
[Black "Kramnik, Vladimir"]
[Result "0-1"]
[Board "10"]
[WhiteFideId "3805662"]
[BlackFideId "4101588"]
[WhiteTitle "GM"]
[BlackTitle "GM"]
[WhiteElo "2647"]
[BlackElo "2670"]
[WhiteTeam "MEX"]
[BlackTeam "RUS"]
[WhiteClock "0:00:06"]
[BlackClock "0:01:05"]
[Variant "Standard"]

1. e4 {[%clk 0:03:02]}  c5 {[%clk 0:03:02]} 2. Nf3 {[%clk 0:03:03]}  d6 {[%clk 0:03:03]} 3. Bc4 {[%clk 0:03:03]}  Nf6 {[%clk 0:03:04]} 4. d3 {[%clk 0:03:05]}  Nc6 {[%clk 0:03:05]} 5. c3 {[%clk 0:03:06]}  e6 {[%clk 0:03:03]} 6. O-O {[%clk 0:03:07]}  Be7 {[%clk 0:03:05]} 7. Bb3 {[%clk 0:03:09]}  O-O {[%clk 0:03:05]} 8. Re1 {[%clk 0:03:10]}  b5 {[%clk 0:03:06]} 9. d4 {[%clk 0:03:12]}  Bb7 {[%clk 0:03:07]} 10. Nbd2 {[%clk 0:03:09]}  Rc8 {[%clk 0:02:57]} 11. Nf1 {[%clk 0:03:05]}  cxd4 {[%clk 0:02:47]} 12. cxd4 {[%clk 0:03:06]}  Qc7 {[%clk 0:02:39]} 13. Ng3 {[%clk 0:03:03]}  Na5 {[%clk 0:02:36]} 14. Bd2 {[%clk 0:02:41]}  Nc4 {[%clk 0:02:32]} 15. Qe2 {[%clk 0:02:12]}  d5 {[%clk 0:02:25]} 16. e5 {[%clk 0:02:05]}  Ne4 {[%clk 0:02:26]} 17. Bc1 {[%clk 0:02:06]}  a5 {[%clk 0:02:23]} 18. Nxe4 {[%clk 0:01:47]}  dxe4 {[%clk 0:02:23]} 19. Ng5 {[%clk 0:01:48]}  a4 {[%clk 0:01:54]} 20. Bd1 {[%clk 0:01:11]}  Qb6 {[%clk 0:01:53]} 21. Qh5 {[%clk 0:00:33]}  h6 {[%clk 0:01:43]} 22. Nxe4 {[%clk 0:00:30]}  Qxd4 {[%clk 0:01:41]} 23. Qg4 {[%clk 0:00:14]}  Qxe5 {[%clk 0:01:25]} 24. Bf4 {[%clk 0:00:05]}  Qxb2 {[%clk 0:01:23]} 25. Bf3 {[%clk 0:00:05]}  Bxe4 {[%clk 0:01:09]} 26. Bxe4 {[%clk 0:00:04]}  f5 {[%clk 0:01:11]} 27. Qg6 {[%clk 0:00:03]}  Qf6 {[%clk 0:01:04]} 28. Qxf6 {[%clk 0:00:04]}  Bxf6 {[%clk 0:01:05]} 29. Bb7 {[%clk 0:00:05]}  Bxa1 {[%clk 0:01:05]} 30. Bxc8 {[%clk 0:00:06]}  Rxc8 {[%clk 0:01:05]} 0-1